000
00350nam a22001577a 4500
003
MPLRDC
005
20220104123828.0
008
210129b ||||| |||| 00| 0 eng d
082
_a
192.8 XQY
100
_a
不详
245
_a
处世箴言
_c
260
_a
_b
新企业图书出版社
_c
300
_b
平
650
_a
942
_c
BK
_o
192.8 XQY
999
_c
14525
_d
14515